000 00749nam a22002297a 4500
999 _c4208
_d4208
003 AR-CdUCM
008 190308b ||||| |||| 00| 0 spa d
040 _aMUNICIPALIDAD PROVINCIAL DEL CUSCO
_cBIBLIOTECA MUNICIPAL DEL CUSCO
082 _a721 /
_bM57
100 _aMesa, Jose De
_91082
245 _aEl arte en Perú y Bolivia : 1800 - 1840 /
260 _aBolivia :
_bUniversidad Mayor de San Andres,
_c1966.
300 _a39 paginas ;
_bIlustraciones,
_c21 cm.
500 _aDonación de la Familia Nieto
505 _aEl arte de Perú y Bolivia
650 _aArte
_9561
650 _aPerú
_935
650 _aBolivia
_91138
710 _aCentro de Estudiantes Facultad de Filosofía y Letras
_913327
942 _2ddc
_cLIBROS
945 _awnts